Latex purification and concentration by electro-decantation (Record no. 62068)

MARC details
000 -LEADER
fixed length control field 00402nam a2200145Ia 4500
100 ## - MAIN ENTRY--AUTHOR NAME
Personal name Stevens H P
245 #0 - TITLE STATEMENT
Title Latex purification and concentration by electro-decantation
260 ## - PUBLICATION, DISTRIBUTION, ETC. (IMPRINT)
Name of publisher Rubber Developments
Year of publication 1947
300 ## - PHYSICAL DESCRIPTION
Number of Pages 4-Jan
650 ## - SUBJECT ADDED ENTRY--TOPICAL TERM
Topical Term Electro-decantation
650 ## - SUBJECT ADDED ENTRY--TOPICAL TERM
Topical Term Latex concentration
650 ## - SUBJECT ADDED ENTRY--TOPICAL TERM
Topical Term Latex purification
942 ## - ADDED ENTRY ELEMENTS (KOHA)
Koha item type Journals
Holdings
Withdrawn status Lost status Damaged status Not for loan Home library Current library Shelving location Date acquired Serial Enumeration / chronology Koha item type
      Journals RRII Library RRII Library Rubber chemistry 17/12/2021 Volume 1, Issue 2 Journals